Normal view
MARC view
- Brizuela Rodríguez, Armel
Entry Nombre Personal
001 - NUMERO DE CONTROL
- campo de control: 60115
003 - IDENTIFICADOR DE NUMERO DE CONTROL
- campo de control: UPN
005 - FECHA Y HORA DE LA ÜLTIMA TRANSACCIÓN
- campo de control: 20260625095853.0
008 - DATOS DE LONGITUD FIJA
- campo de control de longitud fija: 260625|| acz||aabn | a|a d
024 ## - OTROS IDENTIFICADORES NORMALIZADOS
- Fuente: orcid
- Número normalizado o código: https://orcid.org/0000-0002-0185-8952
040 ## - FUENTE DE CATALOGACIÓN
- Agencia original de catalogación: MX-MxUPN
100 1# - ENCABEZAMIENTO - NOMBRE PERSONAL
- Nombre personal: Brizuela Rodríguez, Armel
370 ## - LUGAR ASOCIADO
- Place of birth: San José, Costa Rica
371 ## - DIRECCIÓN
- Address: armel.brizuelardoriguez@ucr.ac.cr
372 ## - CAMPO DE ACTIVIDAD
- Field of activity: Psicología
- Field of activity: Docencia e investigación
373 ## - GRUPO ASOCIADO
- Associated group: Universidad de Costa Rica, Instituto de Investigaciones Psicológicas
374 ## - OCUPACIÓN
- Occupation: Maestro en Investigación Psicológica
- Occupation: Profesor e investigador universitario
670 ## - FUENTE EN LA QUE SE LOCALIZARON DATOS
- Cita de la fuente: En recurso en línea: Actualidades en psicología, Vol. 40, no. 140 (2026):
- Información localizada: página 78 (Armel Brizuela Rodríguez)
- Uniform Resource Identifier: https://revistas.ucr.ac.cr/index.php/ap/article/view/7081/9667
902 ## - CATALOGADOR
- Catalogador: RGJD/250626
